000 01145cam a2200277 a 4500
001 000010515
005 20240510190044.0
008 830808s1975 sp 000 0 spa d
020 _a8432505269 (obra completa)
040 _aDO-SdBNP
_bspa
_cCarP
_dBNPHU
082 _a909
_bR299h
100 1 _aReclus, Élisée,
_d1830-1905.
_920340
245 1 3 _aEl hombre y la tierra /
_cEliseo Reclus ; prólogo Carlo E. Rodríguez.
260 _aMadrid :
_bDoncel,
_c1975.
300 _av. ;
_c18 cm.
490 1 _aEl libro de bolsillo doncel
_v63
_v67
_v70
_v74
_v76
_v79
_v83
_v85
505 0 _gv. 1.
_tLos antepasados --
_gv. 2.
_tHistoria antigua --
_gv. 3.
_tHistoria antigua --
_gv. 4.
_tHistoria moderna --
_gv. 5.
_tHistoria moderna --
_gv. 6.
_tHistoria moderna --
_gv. 7.
_tHistoria contemporánea --
_gv. 8.
_tHistoria contemporánea.
650 0 _aGeografía humana
_925520
650 4 _aCivilización antigua
_918157
650 4 _aEtnología
_92825
700 1 _aRodríguez, Carlos E.,
_epról.
_925521
830 0 _aEl libro de bolsillo doncel ;
_v63
_v67
_v70
_v74
_v76
_v79
_v83
_v85
_98628
910 _aCatalogación derivada
910 _aWM
049 _aBNGR
999 _c10274
_d10274